000 00605nam a2200193Ia 4500
003 GCL
008 140319s9999 xx 000 0 ara d
040 _aGCL /
_cGCL
082 0 4 _a219
_bا ك
100 1 _aابوبكر الجزائرى
245 1 0 _aكتاب المرأةالمسلمة:وضعه خصيصا للمؤمنات /
_cابوبكر الجزائرى
260 _a[S.N] :
_bمكتبة الدعوة
300 _a120 ص
490 _a
650 0 4 _aالشريعة الاسلامية
650 0 4 _aالمرأة المسلمة
650 0 4 _aالمرأة فى الاسلام
942 _2ddc
_cBK
999 _c53098
_d53098